000 005170000a22001810004500
003 MACL
005 20160511162011.0
008 160511b xxu||||| |||| 00| 0 eng d
040 _aMACL
_cMACL
041 _aHindi
082 _a891.431 PAD
100 _aपदनाशा
_956181
245 _aपलाश वन
_cपदनाशा
260 _bसाहित्‍य भारती
_c1992
_aनई दिल्‍ली
350 _a100
650 _aPoetry
_956182
942 _cHIN
_k891.431/PAD/P
_2ddc
999 _c19943
_d19943